Más novedades en materia de impuesto de igualación (Registro nro. 19916)

Detalles MARC
000 -LEADER
fixed length control field 00326 a2200109 4500
001 - CONTROL NUMBER
control field ART_40237
005 - DATE AND TIME OF LATEST TRANSACTION
control field 20260410161754.0
008 - FIXED-LENGTH DATA ELEMENTS--GENERAL INFORMATION
fixed length control field 260409a
100 1# - MAIN ENTRY--PERSONAL NAME
Personal name Volman, Mario
245 10 - TITLE STATEMENT
Title Más novedades en materia de impuesto de igualación
773 0# - HOST ITEM ENTRY
Title Doctrina tributaria
Related parts - Nº 384 (mar. 2012)
Record control number REV4296

No hay ítems disponibles.